000 00660nam a22002417a 4500
003 UA-OsUOA
001 36446
007 ta
008 20060926b un ||||| |||| 00| 0 ukr d
100 _aКостюк С.
090 _a014.5
_bК72
942 _cBK
040 _aUA-OsUOA
_bukr
_cUA-OsUOA
_dUA-OsUOA
245 _a"Назустріч" 1934 - 1938
_bСистематичний покажчик змісту
300 _a278 с.
955 _a1
041 _aukr
080 _a014.5
020 _a966-02-0841-3
260 _aЛьвів
_c1999
650 7 _a01 Бібліографія і бібліографії. Каталоги
_2UDC
999 _c434974
_d434974